[Event "Eastern Asia-ch U18 Girls"]
[Site "Tornelo INT"]
[Date "2021.10.24"]
[Round "9"]
[White "Nguyen, Thi Ngoc Han"]
[Black "Karami, Tina"]
[Result "1-0"]
[WhiteElo "1210"]
[BlackElo "1353"]
[PlyCount "79"]
[EventDate "2021.10.22"]
[EventType "swiss"]
[EventRounds "9"]
[EventCountry "NET"]
[SourceTitle "EXT 2023"]
[Source "ChessBase"]
[SourceDate "2022.10.05"]
[SourceVersion "1"]
[SourceVersionDate "2022.10.05"]
[SourceQuality "1"]

1. e4 c6 2. d4 d5 3. e5 Bf5 4. Nf3 e6 5. Be2 Nd7 6. 0-0 Qb6 7. c4 dxc4 8. Bxc4 Ne7 9. Nc3 Nd5 10. h3 Be7 11. Bd3 Bxd3 12. Qxd3 0-0-0 13. a3 Kb8 14. b4 Rdg8 15. Be3 g5 16. Ne4 g4 17. hxg4 Rxg4 18. Nh2 Rg6 19. Nc5 Nxc5 20. bxc5 Qc7 21. Rfb1 Rhg8 22. g3 h5 23. Kf1 h4 24. g4 f5 25. gxf5 Nxe3+ 26. Qxe3 exf5 27. Ke2 Rg2 28. Nf3 R2g4 29. Qd3 Re4+ 30. Kd1 h3 31. Ra2 Bxc5 32. Qc4 Qg7 33. Qxc5 h2 34. Kc2 Qg2 35. Rab2 Qxf2+ 36. Nd2 Qxd4 37. Rxb7+ Kc8 38. Qxc6+ Kd8 39. Qc7+ Ke8 40. Qe7# 1-0

[Event "Eastern Asia-ch U18 Girls"]
[Site "Tornelo INT"]
[Date "2021.10.23"]
[Round "6"]
[White "Karami, Tina"]
[Black "Pham, Tran Gia Thu"]
[Result "1-0"]
[WhiteElo "1353"]
[BlackElo "1629"]
[PlyCount "151"]
[EventDate "2021.10.22"]
[EventType "swiss"]
[EventRounds "9"]
[EventCountry "NET"]
[SourceTitle "EXT 2023"]
[Source "ChessBase"]
[SourceDate "2022.10.05"]
[SourceVersion "1"]
[SourceVersionDate "2022.10.05"]
[SourceQuality "1"]

1. Nf3 f5 2. g3 g6 3. Bg2 Bg7 4. d4 d6 5. c4 Nf6 6. 0-0 0-0 7. b3 Qe8 8. Nc3 c6 9. Bb2 Na6 10. a3 h6 11. Qc2 g5 12. Rfe1 Qg6 13. d5 Bd7 14. Rad1 Rac8 15. Nd4 Nc5 16. f3 cxd5 17. cxd5 b6 18. Bh3 g4 19. fxg4 Nxg4 20. Bxg4 Qxg4 21. Nc6 Bxc6 22. dxc6 Ne4 23. Nxe4 Bxb2 24. Nxd6 exd6 25. Qxb2 Rxc6 26. Rd3 Qe4 27. Red1 Qe6 28. Qd2 Rf6 29. b4 a6 30. a4 b5 31. axb5 axb5 32. Rd5 Rb6 33. Qd4 Rc6 34. Qa7 Rf8 35. Kf2 Rc2 36. R5d2 Rxd2 37. Rxd2 Re8 38. Qd4 Qe5 39. Qxe5 dxe5 40. Rd5 Kf7 41. Rxb5 h5 42. Kf3 Rc8 43. Rxe5 Kf6 44. Rb5 Rc3+ 45. e3 Rc1 46. Rb6+ Ke5 47. Rb5+ Kf6 48. Rb8 Rf1+ 49. Ke2 Rb1 50. b5 Ke6 51. b6 Kd6 52. Rh8 Ke5 53. Rh6 Ke4 54. Kd2 Rb5 55. h4 Rb3 56. Kc2 Rb5 57. Rg6 Kxe3 58. Kc3 Ke4 59. Re6+ Kd5 60. Rf6 Ke5 61. Rg6 Kd5 62. Rf6 Ke5 63. Kc4 Rb1 64. Rg6 f4 65. gxf4+ Kxf4 66. Kc5 Rc1+ 67. Kb5 Rb1+ 68. Ka6 Ra1+ 69. Kb5 Rb1+ 70. Kc6 Rc1+ 71. Kb7 Rb1 72. Kc7 Kf5 73. Rg5+ Kf4 74. b7 Rc1+ 75. Kb6 Rb1+ 76. Rb5 1-0

[Event "IRI-ch U18 Girls"]
[Site "Chess.com INT"]
[Date "2021.01.16"]
[Round "8"]
[White "Karami, Tina"]
[Black "Ahmadi, Seyedeh Malihe"]
[Result "0-1"]
[WhiteElo "1433"]
[BlackElo "1617"]
[PlyCount "144"]
[EventDate "2021.01.16"]
[EventType "swiss"]
[EventRounds "9"]
[EventCountry "IRI"]
[SourceTitle "CBM 200 Extra"]
[Source "ChessBase"]
[SourceDate "2021.03.31"]
[SourceVersion "1"]
[SourceVersionDate "2021.03.31"]
[SourceQuality "1"]

1. Nf3 Nf6 2. g3 e6 3. Bg2 d5 4. b3 Bd6 5. Bb2 0-0 6. 0-0 b6 7. d3 Bb7 8. Nbd2 Nbd7 9. c4 Qe7 10. Qc2 Rfe8 11. e4 dxe4 12. dxe4 e5 13. Rad1 a5 14. Nh4 Nf8 15. Nf5 Qd7 16. Rfe1 Rad8 17. Bh3 Qc6 18. Bg2 Ng6 19. h4 Bc5 20. h5 Nxh5 21. Ne3 Nf6 22. Nd5 Ng4 23. Re2 h5 24. Bf3 Nf6 25. Kg2 Qd6 26. Rh1 h4 27. Ree1 c6 28. Nxf6+ Qxf6 29. Rh3 Bc8 30. Rh2 h3+ 31. Kf1 Rxd2 32. Qxd2 Qxf3 33. Qc3 Qf6 34. a3 Bg4 35. b4 axb4 36. axb4 Bd4 37. Qc2 Rd8 38. Bxd4 Rxd4 39. Ra1 Rd8 40. Qc3 Qd6 41. Qb3 Qd2 42. Kg1 Rd3 43. Qb1 Kh7 44. Qe1 Qxe1+ 45. Rxe1 Rb3 46. Rh1 Rxb4 47. Rc1 Be6 48. Kh2 Rxc4 49. Rxc4 Bxc4 50. Kxh3 Kg8 51. Kg2 Kf8 52. Kf3 Ke7 53. Ke3 b5 54. Kd2 Nf8 55. Kc3 Ne6 56. Rd1 Nd4 57. Kb4 Kd6 58. f4 c5+ 59. Kc3 f6 60. f5 Bf7 61. g4 b4+ 62. Kb2 c4 63. g5 c3+ 64. Kc1 b3 65. gxf6 gxf6 66. Rh1 Kc5 67. Rh7 Bc4 68. Rc7+ Kb4 69. Rb7+ Nb5 70. Rb6 b2+ 71. Kc2 Ba2 72. Rxf6 b1Q# 0-1